000 01101nam a22002533 4500
001 74796
003 BD-RjUL
005 20211209082614.0
008 181206s1937 sq 000 0 und d
035 _a(BD-RjUL)75014
040 _aEQO
_cEQO
_beng
_dBD-RjUL
041 _aeng
082 _a614.0991
_bLEH 1937
111 2 _aLeague of Nations health organization, Intergovernmental conf. on rural hygiene.
_9225632
245 1 0 _aHealth organization Intergovernmental conference of Far-Eastern countries on rural hygiene. Preparatory papers:
_bReport of the Netherlands Indies /
_cLeague of Nations health organization, Intergovernmental conf. on rural hygiene.
246 _aReport of the Netherlands Indies.
260 _aGeneva :
_bLeague of Nations,
_c1937.
300 _a204 pages :
_bill. ;
_c24 cm
490 _aPublications of the League of Nations.
_v III, Health ; 1937. III. 15.
650 _aPublic health
_zIndonesia.
_9225633
650 _aRural health
_zIndonesia.
_9225634
830 _aPublications of the League of Nations.
_v III, Health ; 1937. III. 15.
_9225637
942 _2ddc
_cBK
999 _c74796
_d74796